01237 a2200217 45000010006000000050017000060080041000230030015000640400040000790800037001192450128001560200022002842640059003063000019003655050379003840410008007631000032007717000018008037000031008218560167008522754320260407155550.0260407a2011 arg spa dAR-UNSa-BCEJYS aAR-UNSa-BCEJYSbspacAR-UNSa-BCEJYS a336.2:323.17xFederalismo Fiscal10aCoparticipación impositiva argentina y financiación autonómica españolapun estudio de federalismo fiscal comparado a978-987-660-086-6 1aBuenos Aires :bEDICON (Fondo Editorial Consejo)c2011 a233 p.c21 cm. a1. Coparticipación federal de impuestos en Argentina y propuesta de arreglos fiscales interjurisdiccionales - 2. La historia interminable de la financiación automática en España - 3. Descripción y valoración del nuevo sistema de financiación autonómica - 4. El federalismo fiscal en Argentina. La distribución secundaria y una comparación con España -  aspa1 aPedraja Chaparro, Francisco1 aRezk, Ernesto1 aSuárez Pandiello, Javier41uhttps://biblioeco.unsa.edu.ar/pmb/images/libros/Coparticipacion Impositiva Argentina y Financiacion Autonomica Espa?ola-l118575.jpgyImagen de portadaqimage/jpeg